Bering Sea General Knowledge - Statistics

General Stats
  • This quiz has been taken 45 times
  • The average score is 11 of 15
Answer Stats
Hint Answer % Correct
State that borders the Bering Sea Alaska
100%
The Bering Sea is part of which ocean? Pacific
100%
Bordering Asian country Russia
100%
Large region of the above country that borders the Bering Sea (known for its harsh winters) Siberia
97%
Bordering North American country United States
97%
International ____ Line that runs between the North and South Poles, through the Bering Strait. Crossing this line would increase or decrease the time by 24 hours. International Date Line
89%
Archipelago that forms the southern border of the Bering Sea Aleutian Islands
86%
Longest river that flows into the Bering Sea Yukon River
81%
The above archipelago contains 57 volcanoes and forms the northernmost part of this tectonic belt of volcanoes and earthquakes that forms a RING around the PACIFIC Pacific Ring of Fire
78%
A 'Land Bridge' formed across the Bering Sea, connecting North America and Asia, during this cold time period Ice Age
73%
Large peninsula that borders the sea to the west Kamchatka Peninsula
65%
Type of crab famous for being fished in the Bering Sea King Crab
49%
Bordering sea to the north Chukchi Sea
43%
Television programme that follows the above mentioned crab fishermen Deadliest Catch
38%
Large bay in the west of the Bering Sea Gulf of Anadyr
22%
No matching quizzes found
Score Distribution
Percent of People with Each Score
Percentile by Number Answered
Your Score History
You have not taken this quiz